Festschrift für Erwin Seidl zum 70. Geburtstag /

محفوظ في:

مؤلفون آخرون: Seidl, Erwin, 1905-1987., Hübner, Heinz, 1914-2006., Klingmüller, Ernst., Wacke, Andreas, 1936-

التنسيق: كتاب

اللغة: German
Italian
English
French

منشور في: Köln : P. Hanstein, c1975.

الموضوعات:

الوسوم: إضافة وسم

لا توجد وسوم, كن أول من يضع وسما على هذه التسجيلة!

رقم الطلب: DE61 .L4 F48 1975

LEADER 01084namaa2200337 4500
001 22142
003 OSt
005 20251217093739.0
008 130303s1975 gw cf b 010 0dger d
010 |a 76474947 
020 |a 3775677011 
040 |c ARCE Library 
041 0 |a ger  |a ita  |a eng  |a fre 
050 4 |a DE61 .L4 F48 1975 
245 0 0 |a Festschrift für Erwin Seidl zum 70. Geburtstag /  |c hrsg. von Heinz Hübner, Ernst Klingmüller, Andreas Wacke. 
264 1 |a Köln :   |b P. Hanstein,   |c c1975. 
300 |a viii, 249 p., [1] leaf of plates :  |b portraits ;  |c 24 cm. 
504 |a Bibliography of E. Seidl's works : pages 242-249. 
504 |a Includes bibliographical references. 
546 |a German, Italian, English or French. 
555 |a Sara.lib 
600 1 0 |a Seidl, Erwin,  |d 1905- 
650 0 |a Law, Ancient. 
650 0 |a Roman law. 
700 1 |a Seidl, Erwin,   |d 1905-1987. 
700 1 |a Hübner, Heinz,  |d 1914-2006. 
700 1 |a Klingmüller, Ernst.  |9 34032 
700 1 |a Wacke, Andreas,  |d 1936-  |9 41785 
901 |a reviewed 
942 |c BK  |2 lcc 
999 |c 20744  |d 20744